| 000 | 01155nam a2200349 a 4500 | ||
|---|---|---|---|
| 001 | 000108211 | ||
| 003 | CHAP | ||
| 005 | 20220329144003.0 | ||
| 008 | 131218s2009 mx o |r| ||||||spa d | ||
| 010 | _a104673 | ||
| 011 | _a105645 | ||
| 020 | _a9786070209451 | ||
| 040 | _cCHAP | ||
| 082 | 0 | 4 |
_a506 _bA33 |
| 245 | 0 | 0 |
_aAlberto Barajas : _bsu oratoria, sus matemáticas y sus enseñanzas / _ceditado por Víctor Neumann-Lara. |
| 260 |
_aMéxico, D.F. : _bUNAM, Facultad de Ciencias. |
||
| 300 |
_axv, 229 p. : _bfots. _e+ 2 DVD |
||
| 590 |
_aBATCH-UPD _b10 _c20131219 _lUCH01 _h1119 |
||
| 590 |
_aE11695DGD _b10 _c20131219 _lUCH01 _h1118 |
||
| 590 |
_aE11695DGD _b10 _c20131219 _lUCH01 _h1118 |
||
| 590 |
_aE5995AHE _b05 _c20131218 _lUCH01 _h1154 |
||
| 590 |
_aE5995AHE _b05 _c20131218 _lUCH01 _h1208 |
||
| 590 |
_aE5995AHE _b05 _c20131218 _lUCH01 _h1214 |
||
| 600 | 1 | 4 |
_aBarajas Celis, Alberto. _9125134 |
| 650 | 1 | 4 |
_aCientíficos mexicanos. _923259 |
| 650 | 1 | 4 |
_aCientíficos _xBiografía. _923249 |
| 650 | 1 | 4 |
_aMatemáticas _xEstudio y enseñanza. _972904 |
| 700 | 1 |
_aNeumann Lara, Victor _e, ed. _9125133 |
|
| 901 | _aBK | ||
| 942 | _cLIBRO | ||
| 942 | _n0 | ||
| 999 |
_c104673 _d104673 |
||